Extraterrestre alla pari /

Gorde:
Xehetasun bibliografikoak
Egile nagusia: Pitzorno, Bianca (Egilea)
Beste egile batzuk: Bussolati, Emanuela (Ilustratzailea)
Formatua: Liburua
Hizkuntza:italiera
Argitaratua: San Dorligo della Valle : EL, stampa 2005
Saila:Einaudi ragazzi. Storie e rime ; 197
Etiketak: Etiketa erantsi
Etiketarik gabe, Izan zaitez lehena erregistro honi etiketa jartzen!

MARC

LEADER 00000nam a22000007i 4500
001 IT\ICCU\RAV\1116156
003 ItRI
005 20240206171158.0
008 030701s2005 it |||||| ||||| |||||c
020 |a 8879264443 
020 |a 9788879264440 (dal 2005) 
040 |b ita  |c C 
041 7 |a ita  |2 ISO-639-2 
100 1 |a Pitzorno, Bianca  |0 IT\ICCU\CFIV\007640  |4 aut 
240 1 0 |a Extraterrestre alla pari  |9 Pitzorno, Bianca 
245 1 0 |a Extraterrestre alla pari /  |c Bianca Pitzorno ; illustrazioni di Emanuela Bussolati. 
260 |a San Dorligo della Valle :  |b EL,  |c stampa 2005 
300 |a 269 p. :  |b ill. ;  |c 19 cm. 
700 1 |a Bussolati, Emanuela  |0 IT\ICCU\CFIV\094168  |4 ill 
830 0 |a Einaudi ragazzi. Storie e rime ;  |v 197  |0 IT\ICCU\RAV\0206610 
942 |2 ddc  |c BK 
952 |0 0  |1 0  |2 ddc  |4 0  |6 853_914000000000000_PIT_EXT  |7 1  |9 189  |a GE  |b GE  |d 2015-12-09  |l 0  |o 853.914 PIT EXT  |p 2811  |r 2023-11-12 21:43:56  |w 2023-11-12  |y BK 
952 |0 0  |1 0  |2 ddc  |4 0  |6 853_914000000000000_PIT_EXT  |7 0  |9 4318  |a AO  |b AO  |d 2025-06-19  |l 0  |o 853.914 PIT EXT  |p 11465  |r 2025-06-19 13:13:34  |w 2025-06-19  |y BK 
981 1 |6 z01  |a i   |b xxxe  
982 1 |6 z01  |a n 
999 |c 566  |d 566